|
|
|
|
| LEADER |
01130nam a22002892aa4500 |
| 001 |
001144256 |
| 003 |
CZ BrMZK |
| 005 |
20110712110917.0 |
| 007 |
ta |
| 008 |
110413s1981 xo af er|||||||||||slo d |
| 040 |
|
|
|a ABA001
|b cze
|d ABA001
|d BOA001
|
| 041 |
1 |
|
|a slo
|h cze
|
| 080 |
9 |
|
|a 611/612-053.4(075.3)=854
|
| 080 |
9 |
|
|a 613.954(075.3)=854
|
| 100 |
1 |
|
|a Janda, František,
|d 1912-1987
|7 jk01050825
|4 aut
|
| 245 |
1 |
0 |
|a Biológia dieťata a hygiena pre pedagogické školy /
|c František Janda, Ladislav Pelech, Helena Malá
|
| 250 |
|
|
|a 2., nezm. vyd.
|
| 260 |
|
|
|a Bratislava :
|b Slovenské pedagogické nakladateľstvo,
|c 1981
|
| 300 |
|
|
|a 2 sv., obr. příl. :
|b il.
|
| 505 |
0 |
|
|a diel 1. 193, 4 s. -- diel 2. 106 s.
|
| 700 |
1 |
|
|a Pelech, Ladislav,
|d 1933-2000
|7 nlk20000081328
|4 aut
|
| 700 |
1 |
|
|a Malá, Helena,
|d 1935-
|7 jk01073167
|4 aut
|
| 910 |
|
|
|a BOA001
|b 2-0830.353
|s 1-2
|
| 990 |
|
|
|a BK
|
| 991 |
|
|
|b 201104
|
| 996 |
7 |
|
|b 2619399637
|c 2-0830.353
|d 2.
|v 2
|l MZK
|r Sklad / do 1 hodiny
|n 0
|w 001176721
|u 000020
|a 1
|e BOA001
|j MZK50
|s A
|
| 996 |
7 |
|
|b 2619399638
|c 2-0830.353
|d 1.
|v 1
|l MZK
|r Sklad / do 1 hodiny
|n 0
|w 001176721
|u 000010
|a 1
|e BOA001
|j MZK50
|s A
|